Vrútky Husova ulica

Zobrazenie: V bielom orámovaní pohľad na Husovu ulicu vo Vrútkach vľavo v popredí je vidieť časť Hotela Slavia na ulici pri chodníku je skupinka ľudí

Bibliographic Details
Format: Postcard
Language:Slovak
PhysicalDescription:1 pohľadnica čiernobiela 9 x 14 cm
Published: [Bratislava] Kriváň [1927?]
Subjects:

MARC

LEADER 00000 km a2200000 a 4500
001 vtls001361026
003 SK-MaSNL
005 20260512123235.0
007 kp bo
008 231120q1927 xo g 0k|slo
015 |a SNBG1927 
035 |a SNK000314596 
035 |a urn:nbn:sk:snk-km45xf2 
035 |a 02C99CB8-7F58-4553-AE36-3BC6D6C47E95 
035 |a urn:nbn:sk:snk-km00ei21 
040 |a SNK  |b slo  |c SNK  |e AACR2 
041 0 |a slo 
043 |a e-xo--- 
044 |a xo  |c SK 
072 7 |a 913  |x Regionálna geografia  |2 konspekt 
080 |a 913(437.6)  |2 2011 
080 |a (084.121)  |2 2011 
080 |a 640.41  |2 2011 
080 |a 711.73  |2 2011 
245 0 0 |a Vrútky  |h grafika  |b Husova ulica 
260 |a [Bratislava]  |b Kriváň  |c [1927?] 
300 |a 1 pohľadnica  |b čiernobiela  |c 9 x 14 cm 
500 |a Názvové údaje prevzaté z obrazovej časti pohľadnice 
500 |a Na adresnej strane uvedené: Made In France 
520 8 |a Zobrazenie: V bielom orámovaní pohľad na Husovu ulicu vo Vrútkach vľavo v popredí je vidieť časť Hotela Slavia na ulici pri chodníku je skupinka ľudí 
610 2 7 |a Hotel Slávia (Vrútky, Slovensko)  |2 SNKKA  |9 459458 
650 0 7 |a ulice  |2 SNKPH  |9 2938 
650 0 7 |a hotely  |2 SNKPH  |9 18422 
651 7 |a Vrútky (Slovensko)  |2 SNKPHgeo  |9 55637 
655 7 |a miestne pohľadnice  |2 SNKPH  |9 70510 
852 |a Slovenská národná knižnica 
954 |a pohľadnice pôvodné (slovenské)  |2 lita 
958 |a GBN 
958 |a OND 
958 |a GC 
958 |a EUIPO 
999 |c 720809  |d 722739 
952 |t P60, <03>, [BOOK], {603}  |a SNK  |b SNK  |y PREZ  |7 0  |p 17A0190524  |o snkSP 75138  |0 0  |1 0  |4 0  |d 1999-04-21  |f 1  |l 0  |r 2005-01-02 00:00:00  |w 2026-02-23